NFL Antonyms - Statistics

General Stats
  • This quiz has been taken 55 times
  • The average score is 10 of 14
Answer Stats
Hint Answer % Correct
Tinys Giants
92%
Landbirds Seahawks
82%
Non-Metallics Steelers
80%
Devils Saints
78%
Cars Jets
76%
Tribe Members Chiefs
73%
Followers Commanders
73%
Whites Browns
71%
Traitors Patriots
69%
Drainers Chargers
67%
Credit Cards Bills
65%
Openers Packers
65%
Defenders Raiders
63%
New Yorkers Texans
47%
No matching quizzes found
Score Distribution
Percent of People with Each Score
Percentile by Number Answered
Your Score History
You have not taken this quiz